| 000 | 01032cam a2200277 i 4500 | ||
|---|---|---|---|
| 003 | CO-ViMGA | ||
| 005 | 20230915224422.0 | ||
| 008 | 201201s2020 ck a cr 000 1dspa d | ||
| 020 | _a9789582013714 | ||
| 040 |
_aCO-ViMGA _bspa _cCO-ViMGA |
||
| 041 | 1 | _hmyn | |
| 084 | _aLM COC6 | ||
| 100 | 1 |
_aCocom Pech, Jorge Miguel _d1952- _eautor _9161540 |
|
| 245 | 1 | 0 |
_aSecretos de un abuelo maya / _cJorge Miguel Cocom Pech ; ilustraciones de Ruben Dario Romero |
| 250 | _aEdicion especial | ||
| 300 |
_a121 paginas _bilustraciones _c20 cm |
||
| 490 | 0 | _aMitos y leyendas Magisterio | |
| 490 | 0 | _aPlan Nacional de Lectura y Escritura Leer es mi Cuento / Ministerio de Cultura | |
| 546 | _aTexto bilingue en español y maya | ||
| 650 | 1 | 7 |
_2LEMB _aAutores mexicanos _ySiglo XX _9161542 |
| 650 | 1 | 7 |
_2LEMB _aLeyendas indigenas mexicanas _9136714 |
| 650 | 1 | 7 |
_2LEMB _aLiteratura juvenil mexicana _ySiglo XX _9161541 |
| 650 | 1 | 7 |
_2LEMB _aMitologia maya _919063 |
| 700 | 1 |
_aRomero, Rubén DarÃo _eilustrador _9161543 |
|
| 942 |
_2ddc _cBK |
||
| 999 |
_c9032 _d9032 |
||